000 nam a22 7a 4500
999 _c10785
_d10785
008 180223b ||||| |||| 00| 0 eng d
100 _aVijay, Y
_96626
245 _aTogether Business Studies -XII
260 _aNew Delhi
_bRachana Sagar Publication
_c2015